[Event "KAZ-ch"]
[Site "Astana"]
[Date "2023.12.23"]
[Round "13"]
[White "Abdilkhair, Abilmansur"]
[Black "Amirali, Abzal"]
[Result "1-0"]
[WhiteElo "2255"]
[BlackElo "2136"]
[PlyCount "61"]
[EventDate "2023.12.13"]
[EventType "tourn"]
[EventRounds "13"]
[EventCountry "KAZ"]
[EventCategory "6"]
[SourceTitle "CB52_2023"]
[SourceDate "2023.12.27"]
[SourceVersion "1"]
[SourceVersionDate "2023.12.27"]
[SourceQuality "1"]

1. e4 c5 2. g3 Nc6 3. Bg2 g6 4. Ne2 Bg7 5. c3 e5 6. 0-0 Nge7 7. f4 exf4 8. Nxf4 0-0 9. d3 b6 10. Na3 Ba6 11. Qa4 Bb7 12. Qc2 Rc8 13. Nc4 d6 14. a4 Nb8 15. Ne3 Na6 16. Bd2 Nc7 17. Qb3 Qe8 18. Rf2 Ba6 19. Raf1 Nc6 20. c4 Nd4 21. Qd1 Bb7 22. b4 Nc6 23. b5 Ne5 24. Bc1 Rd8 25. Bb2 Nd7 26. Bxg7 Kxg7 27. a5 f6 28. Bh3 Qe5 29. Qa4 Rf7 30. axb6 Nxb6 31. Qxa7 1-0

[Event "KAZ-ch"]
[Site "Astana"]
[Date "2023.12.21"]
[Round "11"]
[White "Urazayev, Arystanbek"]
[Black "Amirali, Abzal"]
[Result "1-0"]
[WhiteElo "2472"]
[BlackElo "2136"]
[PlyCount "93"]
[EventDate "2023.12.13"]
[EventType "tourn"]
[EventRounds "13"]
[EventCountry "KAZ"]
[EventCategory "6"]
[SourceTitle "CB52_2023"]
[SourceDate "2023.12.27"]
[SourceVersion "1"]
[SourceVersionDate "2023.12.27"]
[SourceQuality "1"]

1. e4 c5 2. Nf3 e6 3. d4 cxd4 4. Nxd4 Nc6 5. Nc3 Qc7 6. Be3 a6 7. a3 b5 8. Nxc6 Qxc6 9. Bd3 Bb7 10. Qd2 Rc8 11. 0-0 Bc5 12. Rfe1 d6 13. a4 b4 14. Nb5 Qb6 15. a5 Qd8 16. Nd4 Nf6 17. Qe2 Ra8 18. Nb3 Nd7 19. Rad1 0-0 20. Qh5 Bxe3 21. Rxe3 g6 22. Qh6 Qf6 23. Rh3 Qg7 24. Qf4 Ne5 25. Bf1 Rfc8 26. Rxd6 Nc4 27. Rd7 Bc6 28. Rc7 e5 29. Rxc8+ Rxc8 30. Qg4 Nd6 31. Rd3 h5 32. Qh3 Rd8 33. Qe3 Qf6 34. Nc5 Ra8 35. Rd1 Bb5 36. Qd2 Rc8 37. Qxb4 Bxf1 38. Kxf1 Nb5 39. c3 Qc6 40. Nd7 Qe6 41. Nb6 Rf8 42. h3 Kg7 43. Qc4 Qe7 44. Qd5 Kh7 45. Kg1 h4 46. Nc4 Re8 47. Qd7 1-0

[Event "KAZ-ch"]
[Site "Astana"]
[Date "2023.12.14"]
[Round "2"]
[White "Amirali, Abzal"]
[Black "Tkachyov, Adil"]
[Result "1-0"]
[WhiteElo "2136"]
[BlackElo "2078"]
[PlyCount "69"]
[EventDate "2023.12.13"]
[EventType "tourn"]
[EventRounds "13"]
[EventCountry "KAZ"]
[EventCategory "6"]
[SourceTitle "CB52_2023"]
[SourceDate "2023.12.27"]
[SourceVersion "1"]
[SourceVersionDate "2023.12.27"]
[SourceQuality "1"]

1. c4 Nf6 2. Nc3 g6 3. d4 Bg7 4. e4 d6 5. Nge2 0-0 6. Ng3 c5 7. d5 e6 8. Be2 exd5 9. exd5 Nbd7 10. 0-0 Ne8 11. Qc2 f5 12. f4 Ndf6 13. Bd2 Nc7 14. a3 Bd7 15. Rab1 Kh8 16. Kh1 Rb8 17. a4 b6 18. Nb5 a6 19. Nxd6 Qe7 20. Bc3 Ng8 21. Bxg7+ Kxg7 22. Qc3+ Rf6 23. Nde4 fxe4 24. d6 Qxd6 25. Nxe4 Qd4 26. Rbd1 Qxe4 27. Rxd7+ Kh8 28. Bf3 Qxf4 29. g3 Qg5 30. Rxc7 Re8 31. b3 Re3 32. Qb2 a5 33. Bd5 Rxb3 34. Rc8 Qxd5+ 35. cxd5 1-0

[Event "Astana Zhuldyzdary op-A"]
[Site "Astana"]
[Date "2023.07.12"]
[Round "2"]
[White "Abdisalimov, Abdimalik"]
[Black "Amirali, Abzal"]
[Result "1-0"]
[WhiteElo "2451"]
[BlackElo "2062"]
[PlyCount "90"]
[EventDate "2023.07.11"]
[EventType "swiss"]
[EventRounds "10"]
[EventCountry "KAZ"]
[SourceTitle "CBM 215 Extra"]
[Source "ChessBase"]
[SourceDate "2023.09.30"]
[SourceVersion "1"]
[SourceVersionDate "2023.09.30"]
[SourceQuality "1"]

1. d4 d5 2. Nf3 Nf6 3. c4 e6 4. g3 dxc4 5. Bg2 Nc6 6. 0-0 Rb8 7. e3 b5 8. Qe2 a6 9. Rd1 Be7 10. e4 0-0 11. Nc3 Bb7 12. Bf4 Re8 13. Rac1 h6 14. b3 Ba3 15. Rb1 cxb3 16. axb3 g5 17. Bc1 Bf8 18. e5 b4 19. Na4 Nd5 20. h4 g4 21. Nh2 h5 22. Nxg4 hxg4 23. Qxg4+ Kh8 24. Qh5+ Kg8 25. Nc5 Bxc5 26. dxc5 Qe7 27. Bg5 f6 28. exf6 Qf7 29. Qg4 Ne5 30. Qd4 Ng6 31. Rbc1 Nc3 32. Re1 Bxg2 33. Kxg2 e5 34. Qg4 Nf8 35. Re3 Qe6 36. Qh5 Qf7 37. Qg4 Qe6 38. Qf3 Qxb3 39. Rcxc3 bxc3 40. Re4 c2 41. Be3 c1Q 42. Qg4+ Kf7 43. Bxc1 Qd5 44. Qg7+ Ke6 45. f3 Rb7 1-0

[Event "Aktobe Dvorkovich op"]
[Site "Aktobe"]
[Date "2023.06.21"]
[Round "2"]
[White "Rychagov, Andrey"]
[Black "Amirali, Abzal"]
[Result "1-0"]
[WhiteElo "2547"]
[BlackElo "2025"]
[PlyCount "61"]
[EventDate "2023.06.20"]
[EventType "swiss"]
[EventRounds "9"]
[EventCountry "KAZ"]
[SourceTitle "CBM 214 Extra"]
[Source "ChessBase"]
[SourceDate "2023.07.31"]
[SourceVersion "1"]
[SourceVersionDate "2023.07.31"]
[SourceQuality "1"]

1. d4 d5 2. c4 e6 3. Nc3 c5 4. cxd5 exd5 5. Nf3 Nc6 6. g3 Nf6 7. Bg2 cxd4 8. Nxd4 Bc5 9. Nb3 Bb6 10. 0-0 d4 11. Na4 0-0 12. Bg5 Re8 13. Re1 h6 14. Nxb6 axb6 15. Bxc6 bxc6 16. Bxf6 Qxf6 17. Qxd4 Qd8 18. a3 Ba6 19. e4 c5 20. Qc3 Qc8 21. Nd2 Qe6 22. Re3 Rad8 23. Nf3 f5 24. Nd2 Bb7 25. Rae1 Re7 26. exf5 Qd5 27. Ne4 Rde8 28. f3 Qxf5 29. Nf6+ Qxf6 30. Qxf6 Rxe3 31. Rxe3 1-0

[Event "Wch U18 blitz"]
[Site "Batumi"]
[Date "2023.06.10"]
[Round "2"]
[White "Amirali, Abzal"]
[Black "Hommadov, Amanmuhammet"]
[Result "1-0"]
[WhiteElo "1847"]
[BlackElo "2324"]
[PlyCount "113"]
[EventDate "2023.06.10"]
[EventType "swiss (blitz)"]
[EventRounds "11"]
[EventCountry "GEO"]
[SourceTitle "EXT 2024"]
[Source "ChessBase"]
[SourceDate "2023.10.10"]
[SourceVersion "1"]
[SourceVersionDate "2023.10.10"]
[SourceQuality "1"]
[WhiteTeam "Kazakhstan"]
[BlackTeam "Turkmenistan"]
[WhiteTeamCountry "KAZ"]
[BlackTeamCountry "TKM"]

1. c4 Nf6 2. Nc3 g6 3. e4 d6 4. d4 Bg7 5. Be2 0-0 6. Bg5 c5 7. d5 b5 8. cxb5 a6 9. a4 Qa5 10. Bd2 axb5 11. Bxb5 Ba6 12. Nge2 Nbd7 13. 0-0 Rfb8 14. Bc6 Bb7 15. Nb5 Qd8 16. Nec3 Qc8 17. Bxb7 Qxb7 18. b3 Ne8 19. Rb1 Ndf6 20. Qe2 Nc7 21. Nxc7 Qxc7 22. Nb5 Qb7 23. Bc3 Ne8 24. Bxg7 Kxg7 25. Rfd1 Nc7 26. Na3 Kg8 27. h4 h5 28. Nc4 Qa6 29. g4 hxg4 30. Qxg4 Qc8 31. Qxc8+ Rxc8 32. Nb6 Rcb8 33. Nxa8 Rxa8 34. f4 Na6 35. e5 Nb4 36. Rbc1 Kg7 37. Kg2 Rd8 38. Kg3 Rb8 39. Rc4 Na2 40. Rd3 Nb4 41. Rd2 Na6 42. Rc3 Nb4 43. Re3 Na6 44. Kg4 Rb7 45. h5 Nb4 46. hxg6 fxg6 47. Kg5 Kf7 48. exd6 exd6 49. Re6 Rb6 50. Rf6+ Ke7 51. Re2+ Kd8 52. Kxg6 Nxd5 53. Rf7 Rb4 54. Rh2 Nxf4+ 55. Kf5 Ke8 56. Ra7 Ng6 57. Kxg6 1-0

[Event "Wch U18 blitz"]
[Site "Batumi"]
[Date "2023.06.10"]
[Round "3"]
[White "Amirali, Abzal"]
[Black "Tsaruk, Maksim"]
[Result "0-1"]
[WhiteElo "1847"]
[BlackElo "2363"]
[PlyCount "86"]
[EventDate "2023.06.10"]
[EventType "swiss (blitz)"]
[EventRounds "11"]
[EventCountry "GEO"]
[SourceTitle "EXT 2024"]
[Source "ChessBase"]
[SourceDate "2023.10.10"]
[SourceVersion "1"]
[SourceVersionDate "2023.10.10"]
[SourceQuality "1"]
[WhiteTeam "Kazakhstan"]
[BlackTeam "FIDE"]
[WhiteTeamCountry "KAZ"]

1. c4 e5 2. Nc3 f5 3. d4 exd4 4. Qxd4 Nf6 5. g3 Nc6 6. Qe3+ Qe7 7. a3 Ne5 8. b3 g6 9. Bb2 Bg7 10. Bg2 d6 11. Nh3 0-0 12. 0-0 c6 13. Rad1 Be6 14. Nf4 Bf7 15. Rfe1 Rfe8 16. Qd2 Rad8 17. e4 g5 18. Nh3 h6 19. exf5 Bh5 20. f4 Bxd1 21. Rxd1 g4 22. Nf2 Nf3+ 23. Bxf3 gxf3 24. Qd3 Qe1+ 25. Rxe1 Rxe1+ 26. Qf1 Rxf1+ 27. Kxf1 d5 28. cxd5 Nxd5 29. Nxd5 Bxb2 30. Ne3 Rd2 31. Nc4 Rc2 32. Nxb2 Rxb2 33. Nd3 Rxh2 34. Ne5 Rg2 35. g4 Kg7 36. b4 b6 37. Ke1 c5 38. bxc5 bxc5 39. Kf1 c4 40. Nxc4 Rxg4 41. Kf2 Rxf4 42. Ne3 Kf6 43. Kg3 Ra4 0-1

[Event "Wch U18 blitz"]
[Site "Batumi"]
[Date "2023.06.10"]
[Round "4"]
[White "Rostomyan, Mikayel"]
[Black "Amirali, Abzal"]
[Result "1-0"]
[WhiteElo "2061"]
[BlackElo "1847"]
[PlyCount "107"]
[EventDate "2023.06.10"]
[EventType "swiss (blitz)"]
[EventRounds "11"]
[EventCountry "GEO"]
[SourceTitle "EXT 2024"]
[Source "ChessBase"]
[SourceDate "2023.10.10"]
[SourceVersion "1"]
[SourceVersionDate "2023.10.10"]
[SourceQuality "1"]
[WhiteTeam "Armenia"]
[BlackTeam "Kazakhstan"]
[WhiteTeamCountry "ARM"]
[BlackTeamCountry "KAZ"]

1. d4 d5 2. Nf3 Nf6 3. c4 e6 4. g3 dxc4 5. Bg2 Nc6 6. Qa4 Nd7 7. Qxc4 Nb6 8. Qd3 e5 9. dxe5 Qxd3 10. exd3 Nb4 11. Na3 Nxd3+ 12. Ke2 Nxc1+ 13. Raxc1 c6 14. Nd4 Bd7 15. Rhd1 Bxa3 16. bxa3 Ke7 17. f4 Bg4+ 18. Bf3 Bxf3+ 19. Kxf3 g6 20. f5 Rhd8 21. f6+ Ke8 22. Ke4 Rd5 23. Nf3 h6 24. Rxd5 Nxd5 25. h4 Kd7 26. g4 Re8 27. Kd4 Ke6 28. Kc5 b6+ 29. Kd4 c5+ 30. Ke4 Rd8 31. Nd4+ Kd7 32. Kxd5 cxd4 33. Kxd4 Re8 34. Kd5 Re6 35. g5 hxg5 36. hxg5 Re8 37. Rh1 Rc8 38. Rd1 Rc2 39. Ke4+ Ke8 40. Rh1 Kd7 41. Rh8 Rc4+ 42. Kd3 Rc5 43. Kd4 Rc7 44. Rf8 Ke6 45. Re8+ Kf5 46. Re7 Rc1 47. e6 Rd1+ 48. Kc3 Rd8 49. Rxf7 Kxe6 50. Rxa7 Kf5 51. Rb7 Kxg5 52. Rxb6 Kf4 53. f7 g5 54. Rf6+ 1-0

[Event "Wch U18 rapid"]
[Site "Batumi"]
[Date "2023.06.08"]
[Round "9"]
[White "Amirali, Abzal"]
[Black "Tangatov, Nurdaulet"]
[Result "1/2-1/2"]
[WhiteElo "2025"]
[BlackElo "1823"]
[PlyCount "44"]
[EventDate "2023.06.06"]
[EventType "swiss (rapid)"]
[EventRounds "11"]
[EventCountry "GEO"]
[SourceTitle "CBM 214 Extra"]
[Source "ChessBase"]
[SourceDate "2023.07.31"]
[SourceVersion "1"]
[SourceVersionDate "2023.07.31"]
[SourceQuality "1"]

1. c4 Nf6 2. Nc3 e6 3. e4 d5 4. e5 d4 5. exf6 dxc3 6. bxc3 Qxf6 7. Nf3 b6 8. Bd3 Bb7 9. Qe2 Nd7 10. Be4 Bxe4 11. Qxe4 Rd8 12. 0-0 Bd6 13. d4 h6 14. a4 0-0 15. Ba3 Bxa3 16. Rxa3 Qe7 17. Ra2 a5 18. Rb1 Rfe8 19. h3 Qd6 20. Rb5 Nf6 21. Qe5 Qc6 22. Qe3 Qe4 1/2-1/2

[Event "Wch U18 rapid"]
[Site "Batumi"]
[Date "2023.06.08"]
[Round "11"]
[White "Murzin, Volodar"]
[Black "Amirali, Abzal"]
[Result "1-0"]
[WhiteElo "2612"]
[BlackElo "2025"]
[PlyCount "73"]
[EventDate "2023.06.06"]
[EventType "swiss (rapid)"]
[EventRounds "11"]
[EventCountry "GEO"]
[SourceTitle "CBM 214 Extra"]
[Source "ChessBase"]
[SourceDate "2023.07.31"]
[SourceVersion "1"]
[SourceVersionDate "2023.07.31"]
[SourceQuality "1"]

1. e4 c5 2. Nf3 a6 3. c3 e6 4. d4 d5 5. exd5 exd5 6. Be2 cxd4 7. Nxd4 Bd6 8. 0-0 Nf6 9. Bg5 0-0 10. Nd2 Nc6 11. N2f3 h6 12. Bh4 g5 13. Bg3 Bxg3 14. hxg3 Ne4 15. Re1 Re8 16. c4 g4 17. Nxc6 bxc6 18. Nd2 Nxf2 19. Kxf2 Qb6+ 20. Kf1 Re6 21. Bxg4 Rxe1+ 22. Kxe1 Qg1+ 23. Nf1 Bf5 24. Bxf5 Re8+ 25. Kd2 Qf2+ 26. Kc3 Qxf5 27. Qf3 d4+ 28. Kd2 Qa5+ 29. Kc2 Qa4+ 30. b3 Qa5 31. Qg4+ Kf8 32. Qxd4 Qf5+ 33. Qd3 Qf2+ 34. Nd2 Re3 35. Rf1 Qxg3 36. Qd8+ Kg7 37. Qf6+ 1-0

[Event "Wch U18 rapid"]
[Site "Batumi"]
[Date "2023.06.07"]
[Round "6"]
[White "Hommadov, Amanmuhammet"]
[Black "Amirali, Abzal"]
[Result "1-0"]
[WhiteElo "2190"]
[BlackElo "2025"]
[PlyCount "69"]
[EventDate "2023.06.06"]
[EventType "swiss (rapid)"]
[EventRounds "11"]
[EventCountry "GEO"]
[SourceTitle "CBM 214 Extra"]
[Source "ChessBase"]
[SourceDate "2023.07.31"]
[SourceVersion "1"]
[SourceVersionDate "2023.07.31"]
[SourceQuality "1"]

1. e4 c5 2. Nf3 a6 3. Be2 b5 4. 0-0 Bb7 5. d3 d6 6. Nbd2 Nf6 7. c3 e6 8. a4 Nbd7 9. Qb3 Bc6 10. Re1 Be7 11. a5 0-0 12. Bf1 Qc7 13. d4 Rac8 14. h3 Bb7 15. e5 Nd5 16. c4 bxc4 17. Nxc4 cxd4 18. exd6 Bxd6 19. Nxd6 Qxd6 20. Nxd4 Nc5 21. Qa3 Nf4 22. Bxf4 Qxf4 23. Qe3 Qxe3 24. Rxe3 Rfd8 25. Nb3 Ne4 26. Bxa6 Bxa6 27. Rxe4 Rc2 28. Rb4 Rxb2 29. Rb6 Bc4 30. Nc5 Rb8 31. Rxb2 Rxb2 32. a6 Rb8 33. a7 Ra8 34. Nd7 Bd5 35. Nb6 1-0

[Event "Wch U18 rapid"]
[Site "Batumi"]
[Date "2023.06.06"]
[Round "1"]
[White "Amirali, Abzal"]
[Black "Tsaruk, Maksim"]
[Result "0-1"]
[WhiteElo "2025"]
[BlackElo "2393"]
[PlyCount "28"]
[EventDate "2023.06.06"]
[EventType "swiss (rapid)"]
[EventRounds "11"]
[EventCountry "GEO"]
[SourceTitle "CBM 214 Extra"]
[Source "ChessBase"]
[SourceDate "2023.07.31"]
[SourceVersion "1"]
[SourceVersionDate "2023.07.31"]
[SourceQuality "1"]

1. c4 e5 2. Nc3 f5 3. d4 exd4 4. Qxd4 Nf6 5. g3 Nc6 6. Qe3+ Be7 7. Bg2 0-0 8. Nf3 Bb4 9. 0-0 Re8 10. Qd2 d6 11. a3 Bxc3 12. Qxc3 Ne4 13. Qc2 a5 14. b3 a4 0-1

[Event "Aktobe Dvorkovich Rapid op"]
[Site "Aktobe"]
[Date "2022.06.21"]
[Round "9"]
[White "Amanov, Zhanibek"]
[Black "Amirali, Abzal"]
[Result "0-1"]
[WhiteElo "2325"]
[BlackElo "1950"]
[PlyCount "54"]
[EventDate "2022.06.21"]
[EventType "swiss (rapid)"]
[EventRounds "9"]
[EventCountry "KAZ"]
[SourceTitle "CBM 209 Extra"]
[Source "ChessBase"]
[SourceDate "2022.09.30"]
[SourceVersion "1"]
[SourceVersionDate "2022.09.30"]
[SourceQuality "1"]

1. d4 Nf6 2. Nf3 g6 3. c4 Bg7 4. Nc3 0-0 5. e4 d6 6. Be2 Na6 7. h3 e5 8. d5 Nc5 9. Qc2 a5 10. b3 Nh5 11. 0-0 Nf4 12. Bxf4 exf4 13. Rad1 Re8 14. Nd4 Qg5 15. Kh1 Qh4 16. Nf3 Qh6 17. Nd2 Bxh3 18. Kg1 Bd7 19. Nb5 Rac8 20. a3 f5 21. Bd3 f3 22. Rfe1 fxg2 23. Kxg2 Qg5+ 24. Kh1 Qh4+ 25. Kg1 Qg4+ 26. Kf1 Qh3+ 27. Kg1 Qxd3 0-1

[Event "KAZ-ch U18"]
[Site "Ak Bulak"]
[Date "2022.03.26"]
[Round "9"]
[White "Amirali, Abzal"]
[Black "Aripov, Abdusamat"]
[Result "1-0"]
[WhiteElo "1802"]
[BlackElo "2119"]
[PlyCount "91"]
[EventDate "2022.03.20"]
[EventType "swiss"]
[EventRounds "9"]
[EventCountry "KAZ"]
[SourceTitle "EXT 2023"]
[Source "ChessBase"]
[SourceDate "2022.10.05"]
[SourceVersion "1"]
[SourceVersionDate "2022.10.05"]
[SourceQuality "1"]

1. b3 e5 2. Bb2 Nc6 3. c4 Nf6 4. e3 d5 5. cxd5 Nxd5 6. d3 Be7 7. a3 0-0 8. Nd2 f5 9. Ngf3 Bf6 10. Qc2 Re8 11. Rd1 Qe7 12. Be2 g5 13. 0-0 g4 14. Ne1 Be6 15. b4 a6 16. Nb3 a5 17. b5 Nd8 18. Rc1 Bf7 19. g3 Bg5 20. Nd2 Nxe3 21. fxe3 Bxe3+ 22. Kh1 Bd5+ 23. Ng2 Qe6 24. Ne4 Bxc1 25. Qxc1 Nf7 26. Nc3 Bxg2+ 27. Kxg2 Rad8 28. Rf2 Qg6 29. Qf1 Nd6 30. Bd1 Qe6 31. Bc2 Rf8 32. Bb1 Qh6 33. Ba2+ Kh8 34. Nd5 Qh3+ 35. Kg1 Qxf1+ 36. Rxf1 Kg7 37. Nxc7 Kf6 38. Ne6 Rfe8 39. Nxd8 Rxd8 40. Re1 Re8 41. a4 b6 42. Rc1 Kg5 43. Rc6 Nc8 44. Bf7 Re7 45. Rxc8 Rxf7 46. Bxe5 1-0

[Event "KAZ-ch U18"]
[Site "Ak Bulak"]
[Date "2022.03.24"]
[Round "6"]
[White "Amirali, Abzal"]
[Black "Tursunali, Bekarys"]
[Result "1/2-1/2"]
[WhiteElo "1802"]
[BlackElo "1836"]
[PlyCount "55"]
[EventDate "2022.03.20"]
[EventType "swiss"]
[EventRounds "9"]
[EventCountry "KAZ"]
[SourceTitle "EXT 2023"]
[Source "ChessBase"]
[SourceDate "2022.10.05"]
[SourceVersion "1"]
[SourceVersionDate "2022.10.05"]
[SourceQuality "1"]

1. c4 Nf6 2. Nc3 g6 3. d4 Bg7 4. e4 d6 5. Be2 0-0 6. Bg5 Nc6 7. d5 Ne5 8. Nf3 h6 9. Be3 Nfg4 10. Bd2 Nxf3+ 11. Bxf3 h5 12. 0-0 e6 13. h3 Ne5 14. Be2 exd5 15. cxd5 c5 16. f4 Ng4 17. Qe1 Nf6 18. Qg3 Re8 19. Bf3 b5 20. e5 Nh7 21. e6 h4 22. Qg4 b4 23. Ne4 f5 24. Qxg6 fxe4 25. Bxe4 Nf6 26. Be1 Nxe4 27. Qf7+ Kh8 28. Qh5+ 1/2-1/2

[Event "KAZ-ch U18"]
[Site "Ak Bulak"]
[Date "2022.03.24"]
[Round "7"]
[White "Nogerbek, Kazybek"]
[Black "Amirali, Abzal"]
[Result "1-0"]
[WhiteElo "2424"]
[BlackElo "1802"]
[PlyCount "93"]
[EventDate "2022.03.20"]
[EventType "swiss"]
[EventRounds "9"]
[EventCountry "KAZ"]
[SourceTitle "EXT 2023"]
[Source "ChessBase"]
[SourceDate "2022.10.05"]
[SourceVersion "1"]
[SourceVersionDate "2022.10.05"]
[SourceQuality "1"]

1. c4 e6 2. Nf3 Nf6 3. g3 d5 4. Bg2 c5 5. 0-0 Nc6 6. d4 dxc4 7. Ne5 Nxe5 8. dxe5 Qxd1 9. Rxd1 Nd5 10. Na3 Bd7 11. Nxc4 Be7 12. Bd2 0-0 13. e4 Nb6 14. Nd6 Bc6 15. Be3 Nd7 16. f4 b6 17. a3 a5 18. a4 Rfd8 19. b3 Nf6 20. Nc4 Nxe4 21. Nxb6 Ra6 22. Nc4 Bd5 23. Rd3 f5 24. Rc1 Rb8 25. Bxe4 fxe4 26. Rdc3 Bxc4 27. Rxc4 Rab6 28. Rxe4 Rxb3 29. Bd2 Ra3 30. Bxa5 Ra8 31. Bb6 R3xa4 32. Rxa4 Rxa4 33. Bxc5 Bxc5+ 34. Rxc5 Ra7 35. Kg2 Kf7 36. Kf3 Rb7 37. Kg4 Ra7 38. Rc6 Rb7 39. Kh5 Ra7 40. g4 Rb7 41. Rc8 Rb4 42. Rc7+ Kg8 43. Kg5 h6+ 44. Kg6 Rxf4 45. Rxg7+ Kh8 46. h3 Re4 47. Re7 1-0

[Event "KAZ-ch U18"]
[Site "Ak Bulak"]
[Date "2022.03.22"]
[Round "3"]
[White "Tleshev, Nariman"]
[Black "Amirali, Abzal"]
[Result "1/2-1/2"]
[WhiteElo "1425"]
[BlackElo "1802"]
[PlyCount "139"]
[EventDate "2022.03.20"]
[EventType "swiss"]
[EventRounds "9"]
[EventCountry "KAZ"]
[SourceTitle "EXT 2023"]
[Source "ChessBase"]
[SourceDate "2022.10.05"]
[SourceVersion "1"]
[SourceVersionDate "2022.10.05"]
[SourceQuality "1"]

1. d4 d5 2. Nf3 Nf6 3. g3 c5 4. Bg2 Nc6 5. 0-0 e6 6. c4 cxd4 7. Nxd4 Bc5 8. Nb3 Bb6 9. cxd5 exd5 10. Nc3 d4 11. Na4 0-0 12. Bg5 Re8 13. Qd2 h6 14. Bxf6 Qxf6 15. h3 Bf5 16. Rfe1 Be4 17. Bxe4 Rxe4 18. Nac5 Re7 19. Rac1 Rae8 20. Nd3 g5 21. Nbc5 Ne5 22. b4 Qf5 23. Nxe5 Rxe5 24. g4 Qf4 25. Qxf4 gxf4 26. Nd7 R5e6 27. Red1 Kg7 28. Nxb6 Rxb6 29. Rxd4 Rxe2 30. Rxf4 Rxa2 31. Rc7 Rf6 32. Rxf6 Kxf6 33. Rxb7 a5 34. Ra7 a4 35. b5 Rb2 36. b6 Rxb6 37. Rxa4 Rb5 38. Kg2 h5 39. Kg3 Kg7 40. Rf4 hxg4 41. hxg4 Kg6 42. Ra4 Rb3+ 43. f3 Rc3 44. Rb4 Ra3 45. Kf4 Rc3 46. Rb6+ Kg7 47. Rb5 Ra3 48. Rc5 Rb3 49. g5 Kg6 50. Rc6+ Kg7 51. Ra6 Rb4+ 52. Kf5 Rb5+ 53. Kg4 Rb7 54. Rc6 Ra7 55. Rb6 Rc7 56. f4 Ra7 57. Kh5 Ra4 58. f5 Ra1 59. Rb4 Rf1 60. Kg4 Rg1+ 61. Kh5 Rf1 62. f6+ Kh7 63. Rh4 Rg1 64. Rh2 Rg3 65. Rh1 Rg2 66. Kh4 Kg6 67. Rh3 Rxg5 68. Rg3 Rxg3 69. Kxg3 Kg5 70. Kf3 1/2-1/2